000 00567nam a2200229Ia 4500
003 OSt
005 20220918191117.0
006 a|||||r|||| 00| 0
007 ta
008 220917b |||||||| |||| 00| 0 eng d
024 _a61,511
037 _cTextual
040 _aARTS
_cARTS
_beng
041 _2eng
_aeng
082 _aQ6:3, L0
100 _aCunliffe Jones Hubert
_974959
245 0 _aChristian theology since 1600
260 _c1970
650 _aRELIGION
942 _hQ6:3, L0
_cTEXL
_2CC
999 _c188362
_d188362